000 00355nam a2200145Ia 4500
100 _aBoard of Electronics Hobbyist
650 _aElectrical Engineering
942 _cBK
654 _aServicing Televisions
245 _aServicing colour Televisions
260 _bBusiness promotion
_aDelhi
082 _a621.388874
300 _a22
546 _aENGLISH
999 _c34700
_d34700